| 000 | 010530000a22003010004500 | ||
|---|---|---|---|
| 999 |
_c45964 _d45964 |
||
| 001 | 19602 | ||
| 003 | CO-MdFUSB | ||
| 005 | 20180605120518.0 | ||
| 008 | 180605t1993 enkah||g |||| 00| 0 eng d | ||
| 020 | _a0-415-04936-9 | ||
| 040 |
_aCO-MdFUSB _bspa _cCO-MdFUSB _dCO-MdFUSB _erda |
||
| 041 | _aeng | ||
| 082 |
_224 _aG 291.0936 _bD252l |
||
| 100 | 1 |
_aDavidson, Hilda Ellis _eautor |
|
| 245 | 0 | 4 |
_aThe lost beliefs of northern Europe _c/ Hilda Ellis Davidson |
| 264 | 1 |
_aLondon : _bRoutledge, _c℗1993 |
|
| 264 | 4 | _c©1993 | |
| 300 |
_a181 páginas _b: _c; |
||
| 336 |
_2rdacontent _atexto _btxt |
||
| 337 |
_2rdamedia _asin mediación _bn |
||
| 338 |
_2rdacarrier _avolumen _bnc |
||
| 501 | _aIncluye índice (p. 172-181) | ||
| 505 | 0 | _aLa ayuda de la arqueología -- Vislumbres de los dioses -- Los dioses en los mitos -- Los cultos de los dioses del norte -- Diosas y espíritus guardianes -- Contactos con el más allá -- Los intérpretes | |
| 563 | _aPasta dura | ||
| 650 | 7 |
_9385 _aReligión |
|
| 942 | _cBK | ||